000 004800000a22001810004500
003 MACL
005 20151003144043.0
008 151003b xxu||||| |||| 00| 0 eng d
040 _aMACL
_cMACL
041 _aEnglish
082 _a910/DES
100 _aDeshpande, C D
_913472
245 _aGeography of Maharashtra
_bIndia-The Land and People
260 _bNational Book Trust
_c1971
_aNew Delhi
350 _a11.25
650 _aGeography & Travels
_913473
942 _cBK
_k910
_2ddc
999 _c7808
_d7808